000 00884nam a2200217Ia 4500
999 _c38293
_d38293
001 4303
003 GE_BSU
005 20191010173859.0
008 181216s1990||||ge |||||||||||||| ||geo||
040 _cGE_BSU
041 _ageo
080 _a37.01(092)+371.8 ბ–29
100 _aბასილაძე, ნოდარ
_92673
245 _aვ.ა.სუხომლინსკი-ჩვენი თანამედროვე /
_cრედ. ზ. ფირცხალაიშვილი.
264 _aბათუმი :
_bსაბჭოთა აჭარა,
_c1990.
300 _a126 გვ. ;
_b20 სმ.
600 _aსუხომლინსი ვ.ა.
_94683
653 _aუკრაინელი პედაგოგები
700 _aფირცხალაიშვილი, ზ.
_eრედაქტორი
_93678
942 _cBK
_2udc